000 01088nac a22003371u 4500
003 EG-ScBUE
005 20220919105840.0
008 200219s1990 enka f b 001 0 eng d
020 _a9780434902347
020 _a0434902349
040 _aEG-ScBUE
_beng
_erda
_cEG-ScBUE
_dEG-ScBUE
082 0 4 _a712
_bLAN
_222
245 0 0 _aLandscape design with plants /
_cedited by Brian Clouston.
250 _aSecond edition.
264 1 _aOxford :
_bThe Landscape Institute :
_bHeinemann Newnes,
_c1990.
300 _axiv, 544 pages :
_billustrations ;
_c31 cm
336 _2rdacontent
_atext
_btxt
337 _2rdamedia
_aunmediated
_bn
338 _2rdacarrier
_avolume
_bnc
500 _a"Published for the Landscape Institute."
500 _adistributer: Al-Ahram
504 _aIncludes bibliographical references and index.
650 7 _aLandscape design.
_2BUEsh
650 7 _aLandscape gardening.
_2BUEsh
650 7 _aPlants, Ornamental.
_2BUEsh
651 _2BUEsh
653 _bENGARC
655 _vReading book
_934232
700 1 _aClouston, Brian,
_eeditor.
942 _cBB
_2ddc
999 _c6192
_d6192